Ends in 'AGE' Quiz Stats

 Plays Quiz Updated Mar 6, 2012

Also try: Ends in 'ITE'
Challenge
Share
Tweet
Embed
Score 0/26 Timer 06:00
0 Plays Today
Hint Word % Correct
A place to park your car or perhaps have band practiceGarage
88.5%
Mandarin Chinese is the most widely spoken one worldwideLanguage
88.4%
This is generally put in the overhead compartment of a planeLuggage
88%
A statistical mean...try to be above itAverage
83.5%
Boutonniere's counterpart, an accessory for PromCorsage
72.4%
Compensation given to a worker in exchange for laborWage
71.4%
Subprime and adjustable-rate are two typesMortgage
70.7%
A mental state characterized by extreme angerRage
70.3%
Where Annie resided prior to Daddy Warbucks' homeOrphanage
70.2%
Trash, refuse, or rock band that sings 'Stupid Girl'Garbage
69.7%
A proverb, saying, or maximAdage
69.5%
Something illusory or a Las Vegas resort and casinoMirage
69%
Chameleons are experts at thisCamouflage
65.9%
Hint Word % Correct
Leaves, vegetation, frondescenceFoliage
64.1%
Followers, attendants, companions; Mark Wahlberg produced TV seriesEntourage
61.5%
To loot, plunder, or sackPillage
61%
The ironic moniker of a certain Cowardly DogCourage
57.7%
Another term for a drink, G. Love likes them coldBeverage
57.6%
A favored position or a scoring term in tennisAdvantage
52.8%
A film editing technique in which a series of short shots are edited into a sequenceMontage
51.9%
A volley of projectilesBarrage
51.2%
An exceptionally fine wine from the crop of a good year or a 1959 Corvette, per seVintage
50.2%
Process of prioritizing patients based on the severity of their conditionTriage
47.1%
To relieve pain, worry, or fearAssuage
36%
To deliberately gum up or a Beastie Boys songSabotage
34.8%
Length, extent, or distance...yours may varyMileage
28.7%

You're not logged in!

Compare scores with friends on all Sporcle quizzes.
Join for Free
OR
Log In

You Might Also Like...

Show Comments

Extras

Top Quizzes Today


Score Distribution

Your Account Isn't Verified!

In order to create a playlist on Sporcle, you need to verify the email address you used during registration. Go to your Sporcle Settings to finish the process.

Report this User

Report this user for behavior that violates our Community Guidelines.

Details: